La Sonambula en la Ciudad-Laberinto / (Record no. 7926)

MARC details
000 -LEADER
fixed length control field 00595 a2200217 4500
001 - CONTROL NUMBER
control field sjds
003 - CONTROL NUMBER IDENTIFIER
control field sjds
005 - DATE AND TIME OF LATEST TRANSACTION
control field 20240627081715.0
008 - FIXED-LENGTH DATA ELEMENTS--GENERAL INFORMATION
fixed length control field 240627b |||||||| |||| 00| 0 spa d
020 ## - INTERNATIONAL STANDARD BOOK NUMBER
International Standard Book Number 9788434847279
020 ## - INTERNATIONAL STANDARD BOOK NUMBER
International Standard Book Number 8434847272
040 ## - CATALOGING SOURCE
Transcribing agency sjds
041 ## - LANGUAGE CODE
Language code of text/sound track or separate title spa
100 ## - MAIN ENTRY--PERSONAL NAME
Personal name Gisbert, Joan Manuel.
245 ## - TITLE STATEMENT
Title La Sonambula en la Ciudad-Laberinto /
Statement of responsibility, etc. Joan Manuel Gisbert.
260 ## - PUBLICATION, DISTRIBUTION, ETC. (IMPRINT)
Place of publication, distribution, etc. Madrid :
Name of publisher, distributor, etc. Ediciones SM,
Date of publication, distribution, etc. 2001.
300 ## - PHYSICAL DESCRIPTION
Extent 124 pages ;
Dimensions 19 cm.
440 ## - SERIES STATEMENT/ADDED ENTRY--TITLE
Title Barco de vapor., Serie roja ;
Number of part/section of a work 87.
500 ## - GENERAL NOTE
General note "A partir de 12 anos"--Page 4 of cover.
942 ## - ADDED ENTRY ELEMENTS (KOHA)
Koha item type Libro/Book
Holdings
Withdrawn status Lost status Damaged status Not for loan Home library Current library Date acquired Inventory number Total Checkouts Total Renewals Full call number Barcode Date last seen Date checked out Price effective from Koha item type
        San Juan Del Sur -- Mobile San Juan Del Sur -- Mobile 29/04/2014 Inventory date: 27-2-25 4 1 JF 30000431 06/11/2024 31/10/2024 29/04/2014 Libro/Book

Powered by Koha